000 00430nam a2200181Ia 4500
001 2850
005 20260306144837.0
008 260306t2018||||xx |||||||||||||| ||spa||
041 _aESP
082 _a230.2
_bT69 2018 T. 11
100 _aTomás de Aquino, Santo
_eAUT
245 0 _aSuma teológica
260 _c2018
300 _axxvi, 963 páginas :
_c20 cm.
650 _aGEN
654 _aCHU
942 _cLIB
_dJUS
_fJUS
_2ddc
_n
999 _c2850
_d2850